Electronic computer and switching systems specialist : programming.

Bibliographic Details
Corporate Author: USAF Technical Training School. 3390th Technical Training Group
Format: Government Document Book
Language:English
Published: Keesler Air Force Base, Miss. : USAF Technical Training School, 3390th Technical Training Group, 1985-
Subjects:

MARC

Tag First Indicator Second Indicator Subfields
LEADER 00000cam a2200000 a 4500
001 in00000855261
005 20151019065518.0
008 850520m19859999msua f00000 eng d
010 |a gp 85020680  
035 |a (OCoLC)12060820 
035 |9 AED1386AM 
040 |a GPO  |c GPO  |d UtOrBLW 
074 |a 424-F 
086 0 |a D 301.6/5:C 73/3 
088 |a E 3 ABR 30534 E 000 
245 0 0 |a Electronic computer and switching systems specialist :  |b programming. 
264 1 |a Keesler Air Force Base, Miss. :  |b USAF Technical Training School, 3390th Technical Training Group,  |c 1985- 
300 |a 1 volume (loose-leaf) :  |b illustrations ;  |c 28 cm. 
336 |a text  |b txt  |2 rdacontent 
337 |a unmediated  |b n  |2 rdamedia 
338 |a volume  |b nc  |2 rdacarrier 
500 |a At head of title: Technical training. 
500 |a "June 1983." 
500 |a "Study guide KDA 3117." 
500 |a "E3ABR30534E 000." 
650 0 |a Computer programming. 
650 0 |a Telecommunication  |x Switching systems. 
710 2 |a USAF Technical Training School.  |b 3390th Technical Training Group. 
999 |a MARS 
999 f f |s 57c6e405-0c59-39d9-8d3c-67fd65ab6245  |i 707e4d86-b656-381f-8514-68b886c8388f  |t 0 
952 f f |p normal  |a Texas A&M University  |b College Station  |c Sterling C. Evans Library  |d Evans: US Documents (Annex 5th floor)  |t 0  |e D 301.6/5:C 73/3  |h Superintendent of Documents classification  |i unmediated -- volume  |m A14815851146 
998 f f |a D 301.6/5:C 73/3  |t 0  |l Evans: US Documents (Annex 5th floor)